000 02149nam a22003257a 4500
999 _c58665
_d58665
003 Ge_BSU
005 20220623141620.0
008 220623s2021 ge ||||| |||| 00| 0 geo d
020 _a9789941183485
041 _ageo
080 _a141.131+ 1(479.22) ნ-40
245 _aნეოპლატონიზმი: მოძღვრება და მისი რეცეფცია :
_b[კრებული] /
_c თამარ ცოფურაშვილი (ედიტორი) ; ილიას სახელმწ. უნივერსიტეტი, სავლე წერეთლის ფილოსოფიის ინსტიტუტი.
264 _aთბილისი :
_bილიას სახელმწიფო უნივერსიტეტის გამომცემლობა,
_c2021.
300 _a216 გვ. ;
_b20 სმ.
500 _aეძღვნება გურამ თევზაძის ხსოვნას.
501 _aსახელთა საძიებელი: გვ. 211-215.
504 _aბიბლიოგრაფია ტექსტის შენიშვნებში.
653 _aნეოპლატონიზმი.
653 _aქართული ფილოსოფია.
700 _aმაცაბერიძე, მალხაზ
_eავტორი
_91009
700 _aქირია, ანა
_eავტორი
_914214
700 _aხუბულავა, თამარ
_eავტორი
_914215
700 _aლაშხია, მაკა
_eავტორი
_914216
700 _aზედანია, გიგა
_eავტორი
_914217
700 _aცოფურაშვილი, თამარ
_e ავტორი, რედაქტორი
_911793
700 _aკუჭუხიძე, ლუკა
_eავტორი
_914218
700 _aმათიაშვილი, ლაშა
_eავტორი
_914219
710 _aსავლე წერეთლის ფილოსოფიის ინსტიტუტი
_914220
942 _2udc
_cBK